| 000 | 00552nam a22002297a 4500 | ||
|---|---|---|---|
| 003 | UA-OsUOA | ||
| 001 | 64313 | ||
| 007 | ta | ||
| 008 | 20091103b un ||||| |||| 00| 0 ukr d | ||
| 100 | _aКонев И. С. | ||
| 090 |
_a94(47+57) _bК64 |
||
| 942 | _cBK | ||
| 040 |
_aUA-OsUOA _brus _cUA-OsUOA _dUA-OsUOA |
||
| 245 | _aЗаписки командующего фронтом 1943 - 1944 | ||
| 300 | _a367 с. | ||
| 955 | _a3 | ||
| 041 | _arus | ||
| 080 | _a94(47+57) | ||
| 260 |
_aМ. _bНаука _c1972 |
||
| 650 | 7 | _2UDC | |
| 999 |
_c350774 _d350774 |
||